01478nam a2200349 a 4500001001000000003000500010005001700015008004100032010001100073011001100084040000900095090001000104100003800114245011800152260004100270500006000311502007100371590004100442590004100483590004000524590004000564650004500604650005200649650004900701856007000750901000700820942001000827942000600837999001900843952013100862952013500993000113214CHAP20220329144344.0170517s2016 mx sm |||||||spa d a109675 a110647 cCHAP aTesis1 aMarín Silverio, Modesto913223510aDeterminación del caudal ecológico en el Río Grande de Moreliah[En línea]cpor Modesto Marín Silverio. aChapingo, Méx. :bEl autor,c2016. aPara ver el contenido del material haga clic en la liga aTesis (Ing. en Irrigación) -- UACH. Departamento de Irrigación aBATCH-UPDb05c20170517lUCH01h1109 aE11695DGDb10c20170517lUCH01h1547 aE5765TAJb05c20170517lUCH01h1109 aE5765TAJb05c20170517lUCH01h110914aCuencas hidrograficasxMichoacan.93009114aMedición de corrientesxRío Grande.913223614aRío GrandexModelos hidráulicos.9132237 aFinding aiduhttp://10.13.5.2/tesis/sist113214.pdfzTeclea aquí aBK cTESIS n0 c109675d109675 00104054718TESISaBCbBCd2017-05-17fTESISl0oTesisp113216-10r2019-12-31 00:00:00w2019-12-31yTESISzRecien adquirido 00102local4053708TESISaBCbBCcPA_TESISd2017-05-17fTESISl0oTesisp113216-20r2019-12-31 00:00:00tc.2w2019-12-31yTESIS